000 00390nam a22001697a 4500
005 20260609113150.0
020 _a9789355329967
041 _aEnglish
082 _a001 R25 UPA
100 _aUpadhyay Meenakshi
245 _aExcel English Language - for Competitive Exams
250 _a01
260 _aChennai
_bMcGraw Hill
_c2025
300 _a248
365 _b300.00
942 _cBK
999 _c177684
_d177684